Normal view
MARC view
- Cohen, Morris Raphael
Entry Personal Name
001 - CONTROL NUMBER
- control field: 38794
003 - CONTROL NUMBER IDENTIFIER
- control field: NUST
005 - DATE AND TIME OF LATEST TRANSACTION
- control field: 20210314131246.0
008 - FIXED-LENGTH DATA ELEMENTS
- fixed length control field: 210314|| aca||aabn | a|a d
040 ## - CATALOGING SOURCE
- Original cataloging agency: NUST
- Transcribing agency: NUST
100 ## - HEADING--PERSONAL NAME
- Personal name: Cohen, Morris Raphael
670 ## - SOURCE DATA FOUND
- Source citation: Work cat.: (NUST): Cohen, Morris Raphael,, Source Book in the History of the Sciences,, 1948.
